Kluby, które wygrały Ligę Europy - Statystyki

Ogólne statystyki
  • Ten quiz został rozwiązany 39 razy
  • Średni wynik to 12 z 30
Statystyki odpowiedzi
Odpowiedź % Poprawnych
Sevilla
88%
Chelsea
82%
Real Madryt
79%
Manchester United
76%
Tottenham
70%
Atletico Madryt
67%
Juventus
67%
Inter Mediolan
55%
Liverpool
48%
PSV
48%
Bayern Monachium
42%
CSKA Moskwa
42%
FC Porto
42%
Valencia
42%
Villarreal
42%
Ajax Amsterdam
39%
Napoli
39%
Atalanta
36%
Bayer Leverkusen
36%
Eintracht Frankfurt
33%
Feyenoord
27%
Szachtar Donieck
27%
Zenit Petersburg
27%
Galatasaray
24%
Anderlecht
21%
Ipswich Town
6%
IFK Goteborg
3%
Borussia Mochengladbach
0%
FC Schalke 04
0%
Parma Calcio
0%
Nie znaleziono quizów pasujących do podanych kryteriów
Rozkład punktacji
Procent ludzi z każdym wynikiem
Percentyl według liczby udzielonych odpowiedzi
Twoja historia wyników
Nie rozwiązałeś tego quizu